[Event "Perth Metro CC-chC"]
[Site "Perth"]
[Date "2006.04.06"]
[Round "9"]
[White "Pilgrim, R."]
[Black "Leeson, R."]
[Result "1-0"]
[WhiteElo "1536"]
[BlackElo "1338"]
[PlyCount "69"]
[EventDate "2006.02.02"]
[EventType "tourn"]
[EventRounds "11"]
[EventCountry "AUS"]
[SourceTitle "EXT 2010"]
[Source "ChessBase"]
[SourceDate "2010.11.25"]
[SourceVersion "1"]
[SourceVersionDate "2010.11.25"]
[SourceQuality "1"]

1. Nf3 Nf6 2. g3 Nc6 3. d4 d5 4. Bg2 Bd7 5. 0-0 e6 6. c3 Bd6 7. Nbd2 0-0 8. Qc2 Ne7 9. Ne5 Rc8 10. Nxd7 Qxd7 11. e4 dxe4 12. Nxe4 Nxe4 13. Bxe4 Ng6 14. Bxb7 Rb8 15. Be4 f5 16. Bd3 c5 17. dxc5 Bxc5 18. b4 Bb6 19. a4 Bc7 20. Be3 Be5 21. Rad1 Qc7 22. Bc5 Rfd8 23. Bc4 Qf7 24. f4 Bf6 25. Rfe1 Rxd1 26. Qxd1 Nf8 27. Bxf8 Kxf8 28. Qd6+ Qe7 29. Qxb8+ Qd8 30. Qxd8+ Bxd8 31. Bxe6 g6 32. c4 Kg7 33. c5 Kf6 34. c6 Bc7 35. Bd7 1-0